Etelä-Pohjanmaan kuntien vaakunat 2025 (keltainen laatikko) - Statistics

Yleistilastot
  • Tätä visaa on pelattu 147 kertaa
    142 viimeisimmän päivityksen jälkeen
  • Keskiarvotulos 14 / 18
Vastaustilastot
Kuvavisa Vastaus % Oikein
Seinäjoki
95%
Lapua
93%
Alajärvi
86%
Ilmajoki
84%
Kauhajoki
84%
Ähtäri
81%
Isokyrö
81%
Soini
79%
Alavus
77%
Isojoki
77%
Kauhava
77%
Kurikka
77%
Vimpeli
77%
Evijärvi
75%
Karijoki
75%
Lappajärvi
75%
Teuva
74%
Kuortane
72%
Ehtoja vastaavia visoja ei löytynyt
Tulosjakauma
Jokaisen tuloksen saaneiden osuus
Persentiili vastausten määrän mukaan
Tuloshistoriasi
Et ole pelannut tätä visaa sen viimeisimmän päivityksen jälkeen